| 000 | 00479 a2200145 4500 | ||
|---|---|---|---|
| 020 | _a 0007120982 | ||
| 040 |
_aLibrary of Congress _bEnglish |
||
| 082 | _a823.912 | ||
| 100 | _aChristie, Agatha. | ||
| 245 |
_aThe mirror crack'd from side to side _cAgatha Christie |
||
| 260 |
_aLondon: _bHarper Collins Publishers, _c1962. |
||
| 300 |
_a351 p. ; _c19 cm. |
||
| 650 | _a 1.Marple, Jane (Fictitious character) --Fiction.2.Women detectives --England --Fiction. | ||
| 942 |
_cBK _2ddc |
||
| 999 |
_c481711 _d481711 |
||